THE ANATOMY OF A SMALL WAR THE SOVIET JAPANESE STRUGGLE FOR CHANGKUFENG KHASANN 1938 (Record no. 580322)
[ view plain ]
| 000 -LEADER | |
|---|---|
| fixed length control field | 00333nam a22001217a 4500 |
| 020 ## - INTERNATIONAL STANDARD BOOK NUMBER | |
| International Standard Book Number | 0-8371-9479-2 |
| 082 ## - DEWEY DECIMAL CLASSIFICATION NUMBER | |
| Classification number | 355.02 COO'A |
| 100 ## - MAIN ENTRY--PERSONAL NAME | |
| Personal name | COOX, ALVIN D |
| 9 (RLIN) | 5990 |
| 245 ## - TITLE STATEMENT | |
| Title | THE ANATOMY OF A SMALL WAR THE SOVIET JAPANESE STRUGGLE FOR CHANGKUFENG KHASANN 1938 |
| 260 ## - PUBLICATION, DISTRIBUTION, ETC. | |
| Place of publication, distribution, etc. | LONDON |
| Name of publisher, distributor, etc. | GREENWOOD |
| Date of publication, distribution, etc. | 1977 |
| 300 ## - PHYSICAL DESCRIPTION | |
| Extent | 409P |
| 942 ## - ADDED ENTRY ELEMENTS (KOHA) | |
| Koha item type | Book |
| Withdrawn status | Lost status | Damaged status | Not for loan | Permanent Location | Current Location | Shelving location | Date acquired | Total Checkouts | Full call number | Barcode | Date last seen | Price effective from | Koha item type |
|---|---|---|---|---|---|---|---|---|---|---|---|---|---|
| College of Electrical & Mechanical Engineering (CEME) | College of Electrical & Mechanical Engineering (CEME) | General Stacks | 05/11/2017 | 355.02 COO'A | CEME-15507 | 06/28/2021 | 06/28/2021 | Book |
